000 00451nam a2200181Ia 4500
005 20250423101250.0
008 250422s9999 xx 000 0 und d
020 _a1-57673-464-1
050 _aBV 4832.2 .L77/
100 _aLucado, Max
245 4 _aThe gift for all people : thoughts on God's great grace
260 _aNew York
260 _bMultnomah publishers
260 _c1999
300 _a134 p
650 _aLiterature
942 _cBK
999 _c35792
_d35792